[Event "Andorra"]
[Site "?"]
[Date "1991.??.??"]
[Round "?"]
[White "Cifuentes Parada, R."]
[Black "McDonald, N."]
[Result "1-0"]
[WhiteElo "2510"]
[BlackElo "2385"]
[PlyCount "121"]
[EventDate "1991.??.??"]
[Source "ChessBase"]
[SourceDate "1991.06.01"]

1. d4 Nf6 2. Nf3 g6 3. c4 Bg7 4. Nc3 O-O 5. e4 d6 6. Be3 Na6 7. Be2 e5 8. O-O c6 9. dxe5 dxe5 10. Qxd8 Rxd8 11. Rfd1 Re8 12. h3 Nh5 13. c5 Nf4 14. Bf1 Be6 15. Ng5 h6 16. Nxe6 Nxe6 17. Bxa6 bxa6 18. Rac1 Rab8 19. b3 f5 20. f3 Bf8 21. g4 Nd4 22. exf5 gxf5 23. gxf5 Bxc5 24. Ne4 Ne2+ 25. Kf2 Bxe3+ 26. Kxe2 Bxc1 27. Nf6+ Kf7 28. Nxe8 Ba3 29. Nd6+ Kf6 30. Ne4+ Kxf5 31. Rd7 a5 32. Rxa7 Bb4 33. Rc7 Rb6 34. Rf7+ Kg6 35. Rf6+ Kg7 36. Kd3 a4 37. Re6 axb3 38. axb3 Ba3 39. Kc2 Bb4 40. Rxe5 Rb7 41. Rf5 Rf7 42. Rxf7+ Kxf7 43. Kd3 Ke6 44. Ke3 Kf5 45. f4 Be1 46. Nd6+ Ke6 47. Nc4 Kd5 48. Kd3 Bg3 49. Ne3+ Kc5 50. Ke4 Kb4 51. Nc2+ Kxb3 52. Nd4+ Kc4 53. Nxc6 h5 54. Ne7 Kc5 55. Ke5 Kc4 56. Ng6 Kd3 57. Ke6 Ke4 58. f5 Be1 59. f6 Bc3 60. h4 Kf3 61. Ne5+ 1-0

[Event "JUG Team Ch"]
[Site "Nis YUG"]
[Date "1995.??.??"]
[Round "?"]
[White "Arsovic, Zoran"]
[Black "Cabrilo, Goran"]
[Result "1-0"]
[WhiteElo "2430"]
[BlackElo "2465"]
[PlyCount "60"]
[EventDate "1995.??.??"]
[Source "www.chesslib.no"]
[SourceDate "2004.05.04"]

1. Nf3 g6 2. c4 Bg7 3. d4 d6 4. Nc3 Nf6 5. e4 O-O 6. Be3 Ng4 7. Bg5 h6 8. Bh4 c5 9. dxc5 g5 10. Bg3 dxc5 11. h4 Qa5 12. Qc1 gxh4 13. Rxh4 Nc6 14. Bf4 f5 15. Nh2 h5 16. Nxg4 hxg4 17. Be2 Nd4 18. Bh6 Rf7 19. Bxg7 Rxg7 20. Qd2 Be6 21. O-O-O Rd8 22. Kb1 Kf7 23. Rh6 Rd6 24. Qe3 Nxe2 25. Qxe2 Rxd1+ 26. Qxd1 Rg6 27. Rh7+ Rg7 28. Qh1 Rxh7 29. Qxh7+ Ke8 30. Qg6+ Kd8 1-0

[Event "OHRA-B"]
[Site "Amsterdam NED"]
[Date "1986.??.??"]
[Round "4"]
[White "Rivas Pastor, Manuel"]
[Black "Blees, Albert"]
[Result "0-1"]
[WhiteElo "2470"]
[BlackElo "2420"]
[PlyCount "130"]
[EventDate "1986.07.??"]
[Source "www.chesslib.no"]
[SourceDate "2004.05.04"]

1. d4 Nf6 2. c4 g6 3. Nc3 Bg7 4. e4 d6 5. Nf3 O-O 6. Be3 e5 7. dxe5 dxe5 8. Qxd8 Rxd8 9. Nd5 Na6 10. O-O-O Bg4 11. c5 Nxd5 12. exd5 Nb4 13. Bc4 b5 14. Bxb5 Nxa2+ 15. Kb1 Rab8 16. Kxa2 Rxb5 17. d6 cxd6 18. Rxd6 Rdb8 19. b3 e4 20. Nd4 Rxc5 21. Rc1 Ra5+ 22. Kb1 Be5 23. Rdc6 Rd8 24. R6c4 Be2 25. Rc8 Bd3+ 26. Kb2 Rad5 27. Rxd8+ Rxd8 28. Kc3 g5 29. g3 f5 30. f4 gxf4 31. gxf4 Bf6 32. Ra1 a6 33. Rg1+ Kf7 34. Rg3 h5 35. b4 h4 36. Rg2 Bf1 37. Rd2 Bd3 38. Rg2 Rd7 39. Rg1 Bb5 40. Rd1 Be2 41. Rd2 Bd3 42. Rg2 Rc7+ 43. Kb3 Rc4 44. Nxf5 Rc3+ 45. Ka2 Ke6 46. Nd4+ Kd5 47. Nf5 Bc4+ 48. Kb1 Ra3 49. Bc5 Bd3+ 50. Kc1 Bc3 51. Ne3+ Kc6 52. Nc2 Bxc2 53. Rg6+ Kb5 54. Kxc2 Kc4 55. f5 Ra2+ 56. Kd1 a5 57. Rc6 axb4 58. f6 b3 59. f7 Rd2+ 60. Ke1 Rd7+ 61. Ke2 Rxf7 62. Be7+ Kd4 63. Bf6+ Rxf6 64. Rxf6 b2 65. Rd6+ Kc4 0-1

[Event "Tallinn"]
[Site "Tallinn"]
[Date "1981.??.??"]
[Round "4"]
[White "Uusi, Gunnar"]
[Black "Gufeld, Eduard"]
[Result "1/2-1/2"]
[WhiteElo "2370"]
[BlackElo "2515"]
[PlyCount "22"]
[EventDate "1981.03.??"]
[Source "ChessBase"]

1. d4 Nf6 2. c4 g6 3. Nc3 Bg7 4. e4 d6 5. Nf3 O-O 6. Be3 e5 7. dxe5 dxe5 8. Qxd8 Rxd8 9. Nd5 Na6 10. O-O-O Rf8 11. Nxf6+ Bxf6 1/2-1/2

[Event "IBM-B"]
[Site "Amsterdam"]
[Date "1980.??.??"]
[Round "?"]
[White "Langeweg, Kick"]
[Black "Sznapik, Aleksander"]
[Result "1-0"]
[WhiteElo "2425"]
[BlackElo "2460"]
[PlyCount "75"]
[EventDate "1980.06.??"]
[Source "ChessBase"]

1. Nf3 Nf6 2. c4 g6 3. Nc3 Bg7 4. e4 d6 5. d4 O-O 6. Be3 Nc6 7. d5 Nb8 8. Be2 c6 9. O-O Na6 10. Nd4 cxd5 11. exd5 Nc5 12. f3 a5 13. b3 Re8 14. Qd2 Bd7 15. Rad1 Qb6 16. Ndb5 Bxb5 17. Nxb5 Rec8 18. Rfe1 Qd8 19. Bf1 Qd7 20. Bd4 Nh5 21. Be3 Re8 22. Re2 Nf6 23. Rde1 Qd8 24. Kh1 Nfd7 25. Bd4 Bxd4 26. Nxd4 Nf6 27. Re3 Qd7 28. Nb5 Kf8 29. Qd4 Rac8 30. Qd2 Ra8 31. Be2 Kg7 32. Bd1 h5 33. Bc2 h4 34. Qd4 h3 35. g4 Kg8 36. a4 Na6 37. Qf4 Kg7 38. Nd4 1-0

[Event "JUG-chT"]
[Site "Tivat"]
[Date "1995.??.??"]
[Round "9"]
[White "Pajkovic, Vladimir"]
[Black "Vukic, Milan"]
[Result "1/2-1/2"]
[WhiteElo "2430"]
[BlackElo "2450"]
[PlyCount "61"]
[EventDate "1995.??.??"]
[Source "ChessBase"]

1. Nf3 Nf6 2. c4 g6 3. Nc3 Bg7 4. e4 d6 5. d4 O-O 6. Be3 e5 7. dxe5 dxe5 8. Qxd8 Rxd8 9. Nd5 Rd7 10. Nxf6+ Bxf6 11. c5 Nc6 12. Bb5 Rd8 13. Bxc6 bxc6 14. Nd2 Be6 15. O-O-O a5 16. b3 a4 17. Kb2 axb3 18. axb3 Be7 19. Nc4 Rdb8 20. Kc3 f5 21. g3 fxe4 22. Ra1 Bf6 23. b4 Kf7 24. Ra5 Rd8 25. Nb2 Bd5 26. Rha1 Rab8 27. Ra7 Rdc8 28. R1a6 Ke6 29. Nc4 Be7 30. Na5 Kd7 31. Nc4 1/2-1/2